00432 2200169 4500001002100000005001500021035002000036245006300056100002000119300002600139260003100165082001000196084001600206020000600222600001700228990001700245INLIS00000000000139320260305084401 a0010-03260000211 aKunci Ibadah dan tuntunan Shalat lengkap /cAchmad Sunarto0 aSunarto, Achmad a304 hlm ;c14 X 21 cm aJakarta :bSetia Kawan,c- a297.3 a297.3 SUN k a- 4aKunci Ibadah a4744/PP/2026